[Event "Lloyds Bank Masters 17th"]
[Site "London"]
[Date "1993.08.26"]
[Round "6"]
[White "Regan, Natasha"]
[Black "Corkett, Anthony"]
[Result "0-1"]
[WhiteElo "2140"]
[BlackElo "2315"]
[PlyCount "84"]
[EventDate "1993.08.21"]
[EventType "swiss"]
[EventRounds "10"]
[EventCountry "ENG"]

1. c4 e5 2. Nc3 Nf6 3. g3 Bb4 4. Bg2 O-O 5. e4 Re8 6. Nge2 a5 7. O-O d6 8. d3
Bc5 9. Kh1 Nc6 10. h3 Nd4 11. f4 c6 12. f5 d5 13. cxd5 cxd5 14. Nxd4 exd4 15.
Nxd5 Nxd5 16. exd5 b5 17. f6 Bb7 18. Qg4 g6 19. Qg5 Bf8 20. Be4 Qd7 21. Qg4
Rad8 22. Qxd7 Rxd7 23. Bd2 b4 24. Rfe1 Red8 25. a3 Bxd5 26. axb4 axb4 27. Ra5
Be6 28. Rb5 b3 29. Rc1 Bxh3 30. Rxb3 Ra7 31. Rb7 Rxb7 32. Bxb7 Bf5 33. Ba6 Rd6
34. Bc4 Rxf6 35. b4 Rb6 36. b5 Bd6 37. Ba5 Rb8 38. b6 Bxg3 39. Ba6 Ra8 40. b7
Rxa6 41. Kg2 Rxa5 42. Kxg3 Rb5 0-1

[Event "Lloyds Bank Masters 17th"]
[Site "London"]
[Date "1993.08.27"]
[Round "7"]
[White "Hunt, Harriet"]
[Black "Fabiano, Giuseppe"]
[Result "1-0"]
[WhiteElo "2135"]
[BlackElo "2245"]
[PlyCount "157"]
[EventDate "1993.08.21"]
[EventType "swiss"]
[EventRounds "10"]
[EventCountry "ENG"]

1. e4 d6 2. d4 Nf6 3. Nc3 g6 4. Nf3 Bg7 5. Be2 O-O 6. O-O c6 7. a4 Nbd7 8. e5
Ne8 9. Bg5 f6 10. exf6 Ndxf6 11. Re1 Nc7 12. Qd2 Ne6 13. Bh4 Kh8 14. Ng5 Nc7
15. Rad1 Bf5 16. Bd3 Bxd3 17. Qxd3 Qd7 18. Nce4 Nh5 19. c4 Rae8 20. b3 Nf4 21.
Qe3 d5 22. Nc3 e5 23. dxe5 Rxe5 24. Qg3 Qf5 25. cxd5 cxd5 26. Kf1 Rxe1+ 27.
Rxe1 Qc2 28. Ne2 Nd3 29. Nf3 Re8 30. Qg4 Nxe1 31. Nxe1 Qe4 32. Qxe4 Rxe4 33.
Bg3 Na6 34. Nd3 Re8 35. Nef4 d4 36. Nd5 b6 37. b4 Nb8 38. Nc7 Rc8 39. Nb5 Nc6
40. Nd6 Rd8 41. Nf7+ Kg8 42. Nxd8 Nxd8 43. Ke2 Kf7 44. Kf3 Ke6 45. Ke4 Nc6 46.
b5 Na5 47. Bb8 Nc4 48. Nf4+ Kd7 49. Bxa7 g5 50. Nd5 Ke6 51. Nxb6 Nb2 52. Nd5 d3
53. Be3 Nxa4 54. b6 d2 55. Nc7+ Kd7 56. Bxd2 Nxb6 57. Nd5 Nxd5 58. Kxd5 Bf6 59.
Be3 Ke7 60. Bd4 Bxd4 61. Kxd4 Kf6 62. Ke4 Ke6 63. f3 Kf6 64. g3 Ke6 65. g4 Kf6
66. Kd5 Ke7 67. Ke5 Kf7 68. Kf5 h6 69. f4 gxf4 70. Kxf4 Kg6 71. h3 Kf6 72. h4
Ke6 73. Ke4 Kf6 74. Kd5 Kf7 75. Ke5 Ke7 76. Kf5 Kf7 77. h5 Kg7 78. Ke6 Kh8 79.
Kf6 1-0

[Event "Lloyds Bank Masters 17th"]
[Site "London"]
[Date "1993.08.27"]
[Round "7"]
[White "Flear, Glenn C"]
[Black "Wells, Peter K"]
[Result "1-0"]
[WhiteElo "2500"]
[BlackElo "2455"]
[PlyCount "149"]
[EventDate "1993.08.21"]
[EventType "swiss"]
[EventRounds "10"]
[EventCountry "ENG"]

1. d4 d5 2. c4 e6 3. Nc3 c6 4. e4 dxe4 5. Nxe4 Bb4+ 6. Bd2 Qxd4 7. Bxb4 Qxe4+
8. Be2 Na6 9. Bc3 Ne7 10. Bxg7 Rg8 11. Bf6 Qf4 12. Bxe7 Kxe7 13. g3 Qe5 14. Qb1
Bd7 15. Nf3 Qa5+ 16. Kf1 Qh5 17. Qd3 Rad8 18. Rd1 Bc8 19. Qe3 Qh3+ 20. Ke1
Rxd1+ 21. Kxd1 Qf5 22. Bd3 Rd8 23. Ke2 Qg4 24. Rc1 Qg7 25. Rc3 Kf8 26. Qxa7 e5
27. Nh4 e4 28. Bxe4 Re8 29. Re3 Bg4+ 30. Kf1 Bh3+ 31. Bg2 Be6 32. Qxb7 Qd4 33.
Kg1 Nc5 34. Qxc6 Rc8 35. Qf3 Qxb2 36. Bf1 Qd4 37. Qf4 Qxf4 38. gxf4 Ra8 39. f5
Bd7 40. Re5 Rc8 41. f6 Be6 42. Rh5 Nd7 43. Rxh7 Nxf6 44. Rh8+ Ng8 45. Bd3 Kg7
46. Rh7+ Kf6 47. Nf3 Rd8 48. Be2 Ne7 49. Rh4 Ra8 50. Rf4+ Kg7 51. Ng5 Bf5 52.
Bg4 Bg6 53. h4 f5 54. Bf3 Rxa2 55. c5 Rc2 56. Ra4 Kh6 57. Ra7 Ng8 58. c6 Nf6
59. Nf7+ Bxf7 60. Rxf7 Kg6 61. Re7 Ne4 62. Bxe4 fxe4 63. c7 Kh5 64. Kf1 Kxh4
65. Rxe4+ Kg5 66. Re7 Kf6 67. Rh7 Ke5 68. Kg2 Kf4 69. Kh3 Rc3+ 70. Kh4 Kf5 71.
f3 Rc4+ 72. Kh5 Rc1 73. Rf7+ Ke6 74. Kg6 Rg1+ 75. Kh6 1-0

[Event "Lloyds Bank Masters 17th"]
[Site "London"]
[Date "1993.08.27"]
[Round "7"]
[White "Marusenko, Petr"]
[Black "McNab, Colin Anderson"]
[Result "1/2-1/2"]
[WhiteElo "2370"]
[BlackElo "2490"]
[PlyCount "144"]
[EventDate "1993.08.21"]
[EventType "swiss"]
[EventRounds "10"]
[EventCountry "ENG"]

1. e4 g6 2. d4 d6 3. Nc3 c6 4. f4 d5 5. e5 h5 6. Be3 Nh6 7. Qd2 Ng4 8. O-O-O
Nxe3 9. Qxe3 Bg4 10. Nf3 e6 11. g3 Qa5 12. h3 Bxf3 13. Qxf3 Bb4 14. Kb1 Bxc3
15. Qxc3 Qxc3 16. bxc3 Nd7 17. Bd3 c5 18. g4 c4 19. Be2 hxg4 20. hxg4 Ke7 21.
Bf3 Nb6 22. Kc1 Rag8 23. Kd2 Kf8 24. Rb1 Rxh1 25. Rxh1 Kg7 26. f5 Rh8 27. f6+
Kg8 28. Rb1 Rh2+ 29. Be2 Rh3 30. Rb4 Rh1 31. Bd1 Rh2+ 32. Kc1 Kf8 33. a4 Ke8
34. a5 Nd7 35. Rxb7 a6 36. Ra7 Kd8 37. Rxa6 Kc7 38. Ra8 Rh3 39. a6 Rxc3 40. Kb2
Rh3 41. Rg8 Nb6 42. a7 Kb7 43. a8=Q+ Nxa8 44. Rg7 Rh1 45. Rxf7+ Nc7 46. Kc1 c3
47. Rg7 Rf1 48. g5 Kb6 49. Rxg6 Nb5 50. Rh6 Nxd4 51. Rh2 Nf5 52. Rh3 d4 53. Rd3
Nh4 54. Rxd4 Ng6 55. Rd6+ Kc5 56. Rxe6 Kd5 57. Re8 Nxe5 58. Rc8 Rg1 59. Rg8 Ke6
60. Re8+ Kd6 61. Rg8 Ke6 62. Rg7 Rf1 63. Re7+ Kd6 64. Ra7 Ke6 65. Ra8 Rg1 66.
Re8+ Kd6 67. Rc8 Rxg5 68. Rxc3 Rf5 69. Be2 Rxf6 70. Kd2 Kd5 71. Rc8 Rc6 72.
Rxc6 Nxc6 1/2-1/2

[Event "Lloyds Bank Masters 17th"]
[Site "London"]
[Date "1993.08.27"]
[Round "7"]
[White "Summerscale, Aaron"]
[Black "Gallagher, Joseph G"]
[Result "1/2-1/2"]
[WhiteElo "2355"]
[BlackElo "2515"]
[PlyCount "134"]
[EventDate "1993.08.21"]
[EventType "swiss"]
[EventRounds "10"]
[EventCountry "ENG"]

1. e4 c5 2. Nf3 d6 3. g3 Nc6 4. Bg2 g6 5. O-O Bg7 6. c3 e5 7. Na3 Nge7 8. Nc2
O-O 9. d4 Qc7 10. dxc5 dxc5 11. Qe2 h6 12. Be3 b6 13. Rfd1 Be6 14. Nd2 Rad8 15.
f3 Nd4 16. cxd4 cxd4 17. Nxd4 exd4 18. Rac1 Qb7 19. Bf4 Rd7 20. Nb3 g5 21. Bd2
d3 22. Qe1 Bxb2 23. Rb1 Bg7 24. Bc3 Rc8 25. Bxg7 Kxg7 26. Bf1 Qa6 27. Rd2 Ng6
28. Qe3 Ne5 29. f4 Nc4 30. Bxd3 Nxe3 31. Bxa6 Rxd2 32. Nxd2 Rc2 33. Nf1 Nxf1
34. Bxf1 Bxa2 35. Rb4 Rc1 36. Kf2 Rb1 37. Rd4 a5 38. e5 gxf4 39. gxf4 Rb4 40.
Rxb4 axb4 41. Ke3 Kf8 42. Kd4 Ke7 43. Bd3 f6 44. f5 fxe5+ 45. Kxe5 Bb3 46. f6+
Kf7 47. Be2 Kf8 48. Kd4 Bf7 49. Bd3 b3 50. Kc3 Ke8 51. Bb5+ Kf8 52. Bd3 h5 53.
Be2 h4 54. Bd3 Be6 55. Bg6 Kg8 56. Kb2 b5 57. Kc3 Bf7 58. Bd3 Be8 59. Kxb3 Kf7
60. Kb4 Kxf6 61. Bxb5 Bf7 62. Kc3 Kf5 63. Kd2 Kg4 64. Ke2 Kh3 65. Kf2 Kxh2 66.
Bd7 Bd5 67. Bc8 Kh1 1/2-1/2

[Event "Lloyds Bank Masters 17th"]
[Site "London"]
[Date "1993.08.27"]
[Round "7"]
[White "Hebden, Mark"]
[Black "Basman, Michael John"]
[Result "1-0"]
[WhiteElo "2560"]
[BlackElo "2350"]
[PlyCount "120"]
[EventDate "1993.08.21"]
[EventType "swiss"]
[EventRounds "10"]
[EventCountry "ENG"]

1. e4 h6 2. d4 a6 3. c3 e6 4. Nf3 b6 5. Bd3 Bb7 6. O-O Nf6 7. Re1 Be7 8. Nbd2
g5 9. Nf1 c5 10. dxc5 bxc5 11. e5 Nd5 12. Be4 Qc7 13. c4 Nb4 14. a3 N4c6 15.
Ne3 h5 16. Nd5 exd5 17. cxd5 g4 18. Ng5 Bxg5 19. dxc6 Nxc6 20. Bxg5 Nd4 21. Bf6
Rg8 22. Qd3 Bxe4 23. Qxe4 Qc6 24. Qh7 Rf8 25. Rad1 Ne6 26. Rd6 Qb7 27. Qf5 Rg8
28. Red1 Nd4 29. e6 Nxf5 30. exd7+ Qxd7 31. Rxd7 Nd4 32. Rb7 Rg6 33. Re1+ Ne6
34. Bh4 Kf8 35. Re5 Re8 36. Rxh5 Nf4 37. Rh8+ Rg8 38. Be7+ Kg7 39. Rxg8+ Kxg8
40. g3 Nd3 41. b3 Rc8 42. Kf1 c4 43. bxc4 Rxc4 44. Ke2 Ne5 45. Rb4 Rc2+ 46. Ke3
f5 47. Bf6 Nd7 48. Bd4 Kf7 49. Ra4 Rc6 50. f3 gxf3 51. Kxf3 Nf8 52. Ra5 Kg6 53.
h4 Ne6 54. Be3 Ng7 55. a4 Nh5 56. Rc5 Rd6 57. a5 Nf6 58. Bf4 Re6 59. Rc8 Nd5
60. Bd2 Nf6 1-0

[Event "Lloyds Bank Masters 17th"]
[Site "London"]
[Date "1993.08.27"]
[Round "7"]
[White "Johnsen, Sylvia"]
[Black "Webster, Andrew"]
[Result "0-1"]
[WhiteElo "2050"]
[BlackElo "2410"]
[PlyCount "118"]
[EventDate "1993.08.21"]
[EventType "swiss"]
[EventRounds "10"]
[EventCountry "ENG"]

1. e4 c5 2. c3 d5 3. exd5 Qxd5 4. d4 Nf6 5. Nf3 a6 6. Be2 cxd4 7. cxd4 e6 8.
Nc3 Qd8 9. O-O Be7 10. Qb3 b5 11. a3 Bb7 12. Rd1 O-O 13. Ne5 Nbd7 14. Be3 Nb6
15. Bf3 Bxf3 16. Nxf3 Rc8 17. Ne5 Nbd5 18. Bg5 Nxc3 19. bxc3 Nd5 20. Bxe7 Qxe7
21. Rd3 Qc7 22. Rc1 f6 23. Ng4 Qc4 24. Qd1 Nf4 25. Rd2 Qd5 26. Ne3 Qe4 27. a4
Rfd8 28. axb5 axb5 29. Qf1 e5 30. Qxb5 exd4 31. Rcd1 Rd5 32. Rxd4 Qxg2+ 33.
Nxg2 Nh3+ 34. Kf1 Rxb5 35. R1d3 Rb1+ 36. Ne1 Ng5 37. Re3 Nf7 38. Kg2 Nh6 39.
Rf4 Rc1 40. Nf3 R1xc3 41. Re7 R3c7 42. Rfe4 Rxe7 43. Rxe7 Rc4 44. h3 Nf5 45.
Nd2 Rd4 46. Re2 Rd3 47. Ne4 Nh4+ 48. Kh2 h5 49. Ra2 Ng6 50. Ng3 Nf4 51. Ra4 Rf3
52. Kg1 h4 53. Ne4 Kf7 54. Kf1 g5 55. Ra6 Nxh3 56. Kg2 g4 57. Ra4 f5 58. Ra7+
Kf8 59. Rh7 fxe4 0-1

[Event "Lloyds Bank Masters 17th"]
[Site "London"]
[Date "1993.08.27"]
[Round "7"]
[White "Pert, Nicholas"]
[Black "O'Cinneide, Mel"]
[Result "0-1"]
[WhiteElo "2065"]
[BlackElo "2225"]
[PlyCount "112"]
[EventDate "1993.08.21"]
[EventType "swiss"]
[EventRounds "10"]
[EventCountry "ENG"]

1. d4 Nf6 2. Nf3 e6 3. Bg5 c5 4. e3 Be7 5. c3 b6 6. Bd3 Bb7 7. Nbd2 d5 8. O-O
Nbd7 9. Qc2 h6 10. Bxf6 Bxf6 11. e4 cxd4 12. cxd4 dxe4 13. Bxe4 Bxe4 14. Nxe4
O-O 15. Rac1 Be7 16. Qa4 Nf6 17. Nxf6+ Bxf6 18. h3 Qd5 19. Rfd1 Rfd8 20. Qc4
Qxc4 21. Rxc4 Rd5 22. Rdc1 Rad8 23. Rc7 Bxd4 24. Nxd4 Rxd4 25. Rxa7 Rd1+ 26.
Rxd1 Rxd1+ 27. Kh2 Rd2 28. b4 Rxf2 29. a4 Rf4 30. b5 e5 31. Ra6 Kh7 32. Kg1 f6
33. g3 Rd4 34. Kf2 Kg6 35. Kf3 h5 36. g4 hxg4+ 37. hxg4 Kg5 38. Rxb6 Rxa4 39.
Rb7 g6 40. b6 Rxg4 41. Re7 Rb4 42. b7 Kf5 43. Ke3 g5 44. Kd3 g4 45. Kc3 Rb1 46.
Rg7 Kf4 47. Kc4 g3 48. Kc5 e4 49. Kc6 e3 50. Rg6 f5 51. Kc7 Rxb7+ 52. Kxb7 e2
53. Re6 Kf3 54. Re5 f4 55. Kc6 g2 56. Kd5 g1=Q 0-1

[Event "Lloyds Bank Masters 17th"]
[Site "London"]
[Date "1993.08.27"]
[Round "7"]
[White "McDonald, Neil R"]
[Black "Sadler, Matthew D"]
[Result "0-1"]
[WhiteElo "2395"]
[BlackElo "2535"]
[PlyCount "104"]
[EventDate "1993.08.21"]
[EventType "swiss"]
[EventRounds "10"]
[EventCountry "ENG"]

1. e4 c5 2. Nf3 d6 3. d4 cxd4 4. Nxd4 Nf6 5. Nc3 a6 6. Bg5 e6 7. f4 Qc7 8. Qf3
b5 9. Bxf6 gxf6 10. e5 dxe5 11. Ndxb5 Qb7 12. Qxb7 Bxb7 13. Nc7+ Ke7 14. Nxa8
Bxa8 15. f5 Rg8 16. O-O-O Rg5 17. Bd3 Rxg2 18. Rdg1 Bh6+ 19. Kb1 Rd2 20. Be4
Bxe4 21. Nxe4 Rd4 22. Ng3 Nc6 23. Rf1 Rh4 24. c3 e4 25. b4 Ne5 26. a4 Nc4 27.
Ka2 e3 28. a5 Bf4 29. b5 axb5 30. a6 Bb8 31. Rb1 Nd6 32. Rb4 Rxb4 33. cxb4 Nxf5
34. Nxf5+ exf5 35. Kb3 f4 36. Kc2 f3 37. Kd3 Ba7 38. Ke4 f2 39. Kf3 f5 40. Rc1
f4 41. h4 Kf6 42. Rh1 Kg6 43. h5+ Kh6 44. Ke2 Kg5 45. h6 Kg4 46. Kf1 Kg3 47.
Rh5 f6 48. Rf5 Kf3 49. Re5 Bd4 50. a7 Bxa7 51. Re6 Bd4 52. Re8 Bc3 0-1

[Event "Lloyds Bank Masters 17th"]
[Site "London"]
[Date "1993.08.27"]
[Round "7"]
[White "Dunnington, Angus J"]
[Black "Hastings, Jonathan J"]
[Result "1-0"]
[WhiteElo "2415"]
[BlackElo "2210"]
[PlyCount "101"]
[EventDate "1993.08.21"]
[EventType "swiss"]
[EventRounds "10"]
[EventCountry "ENG"]

1. Nf3 Nf6 2. g3 d5 3. Bg2 c6 4. d3 Nbd7 5. O-O g6 6. Nc3 Bg7 7. e4 dxe4 8.
dxe4 e5 9. Qd6 Qe7 10. Qxe7+ Kxe7 11. a4 Ne8 12. a5 f6 13. b3 Kf7 14. Rd1 Nc7
15. Nd2 Ne6 16. Ne2 Bh6 17. Bb2 Bxd2 18. Rxd2 Rd8 19. Rad1 b6 20. f4 Ke7 21. f5
Ng5 22. Ba3+ c5 23. Nc3 Bb7 24. g4 gxf5 25. gxf5 Nf8 26. Rxd8 Rxd8 27. Rxd8
Kxd8 28. h4 Nf7 29. Nb5 Ba6 30. Nxa7 Kc7 31. c4 Nd6 32. Kf2 Nd7 33. Bf3 bxa5
34. Nb5+ Nxb5 35. cxb5 Bxb5 36. Kg3 Kd6 37. Kg4 a4 38. bxa4 Bxa4 39. Kh5 Nb8
40. Kh6 Nc6 41. Kxh7 Nd4 42. Bg2 Be8 43. Kg7 Nc2 44. Bb2 Ne1 45. Bh1 Nd3 46.
Ba3 Nf2 47. Bf3 Bc6 48. h5 Bxe4 49. Bxe4 Nxe4 50. h6 Ng5 51. Bc1 1-0

[Event "Lloyds Bank Masters 17th"]
[Site "London"]
[Date "1993.08.27"]
[Round "7"]
[White "Gretarsson, Helgi Ass"]
[Black "Conquest, Stuart"]
[Result "0-1"]
[WhiteElo "2365"]
[BlackElo "2485"]
[PlyCount "98"]
[EventDate "1993.08.21"]
[EventType "swiss"]
[EventRounds "10"]
[EventCountry "ENG"]

1. d4 f5 2. Bg5 h6 3. Bh4 g5 4. e3 Nf6 5. Bg3 Bg7 6. Be5 c5 7. dxc5 Qa5+ 8. Qd2
Qxc5 9. Qc3 b6 10. h4 g4 11. Bd3 Nc6 12. Qxc5 bxc5 13. Bc3 e6 14. Nd2 O-O 15.
Ne2 Rb8 16. Nb3 d6 17. O-O-O Nb4 18. Bxb4 Rxb4 19. c3 Rb6 20. Nf4 Re8 21. Rd2
Kh7 22. Bc2 h5 23. c4 Kh6 24. Rhd1 Bf8 25. f3 Ra6 26. Kb1 Bb7 27. Rf1 Bg7 28.
Ne2 Nd7 29. Rdd1 Ne5 30. Nd2 Rb6 31. e4 Nc6 32. b3 Nb4 33. exf5 gxf3 34. Nc1
fxg2 35. Rfe1 d5 36. a3 Nxc2 37. Kxc2 Bd4 38. Nf3 e5 39. Nxd4 cxd4 40. c5 Rf6
41. Rd2 Rg8 42. Rg1 Rxf5 43. Rdxg2 Rxg2+ 44. Rxg2 e4 45. b4 Rf3 46. a4 Bc8 47.
Nb3 e3 48. Rg5 e2 49. Re5 Re3 0-1

[Event "Lloyds Bank Masters 17th"]
[Site "London"]
[Date "1993.08.27"]
[Round "7"]
[White "Naumkin, Igor"]
[Black "McEwan, Kenneth B"]
[Result "1-0"]
[WhiteElo "2450"]
[BlackElo "2120"]
[PlyCount "97"]
[EventDate "1993.08.21"]
[EventType "swiss"]
[EventRounds "10"]
[EventCountry "ENG"]

1. d4 Nf6 2. c4 e6 3. Nf3 b6 4. g3 Bb7 5. Bg2 d6 6. O-O Nbd7 7. Nc3 g6 8. Qc2
Bg7 9. e4 e5 10. h3 O-O 11. Be3 h6 12. Rfe1 c5 13. dxe5 dxe5 14. Rad1 Qe7 15.
Nh2 Rfd8 16. Nd5 Bxd5 17. exd5 Qd6 18. Bc1 Ne8 19. h4 f5 20. h5 e4 21. hxg6 Be5
22. Bxh6 Qxg6 23. Bf4 Nd6 24. f3 Bxf4 25. gxf4 Nf6 26. fxe4 Nfxe4 27. Nf3 Qg3
28. Ng5 Nxg5 29. fxg5 Ne4 30. Qe2 Nxg5 31. Qh5 Rd6 32. Re7 Rf8 33. Rd3 Qg4 34.
Qxg4 fxg4 35. Rxa7 Nf3+ 36. Bxf3 gxf3 37. Kf2 Rdf6 38. b3 Rf4 39. Re7 R4f6 40.
Ree3 Ra8 41. a4 b5 42. Rxf3 Rxf3+ 43. Kxf3 bxa4 44. bxa4 Rxa4 45. d6 Ra8 46.
Ke4 Kf7 47. Kd5 Ke8 48. Rh3 Ra5 49. Ke6 1-0

[Event "Lloyds Bank Masters 17th"]
[Site "London"]
[Date "1993.08.27"]
[Round "7"]
[White "Norwood, David"]
[Black "Thipsay, Praveen Mahadeo"]
[Result "1-0"]
[WhiteElo "2515"]
[BlackElo "2465"]
[PlyCount "93"]
[EventDate "1993.08.21"]
[EventType "swiss"]
[EventRounds "10"]
[EventCountry "ENG"]

1. Nf3 Nf6 2. b3 g6 3. Bb2 Bg7 4. d4 d6 5. Nbd2 Nbd7 6. e4 e5 7. dxe5 Ng4 8.
Nc4 Ngxe5 9. Nfxe5 dxe5 10. Qd2 O-O 11. O-O-O Qh4 12. Bd3 Qf4 13. Qxf4 exf4 14.
f3 Bxb2+ 15. Kxb2 Re8 16. g3 fxg3 17. hxg3 Nc5 18. Rh2 f6 19. Ne3 Be6 20. g4
Rad8 21. Kc3 Kg7 22. Rdh1 Rh8 23. Rg1 h6 24. Nf5+ Bxf5 25. gxf5 g5 26. f4 Nxd3
27. cxd3 c5 28. Kd2 Rd4 29. Ke2 a5 30. a3 b5 31. Rc1 c4 32. fxg5 fxg5 33. bxc4
bxc4 34. Rxc4 Rxc4 35. dxc4 Kf6 36. Ke3 h5 37. Rb2 h4 38. Rb6+ Ke7 39. e5 Kd7
40. Rd6+ Kc7 41. Rd1 h3 42. Kf3 Rh4 43. Kg3 h2 44. Rh1 Rf4 45. f6 Kd7 46. Rxh2
Ke6 47. Rf2 1-0

[Event "Lloyds Bank Masters 17th"]
[Site "London"]
[Date "1993.08.27"]
[Round "7"]
[White "Ledger, Andrew"]
[Black "Coleman, David"]
[Result "1-0"]
[WhiteElo "2375"]
[BlackElo "2260"]
[PlyCount "87"]
[EventDate "1993.08.21"]
[EventType "swiss"]
[EventRounds "10"]
[EventCountry "ENG"]

1. c4 g6 2. Nc3 Bg7 3. g3 e5 4. Bg2 d6 5. d3 Nc6 6. Rb1 f5 7. e3 Nf6 8. Nge2
Be6 9. Nd5 O-O 10. O-O Qd7 11. b4 Kh8 12. b5 Nd8 13. Qd2 Ne8 14. f4 c6 15. bxc6
bxc6 16. Ndc3 Bg8 17. Ba3 exf4 18. Nxf4 Nf6 19. e4 Ng4 20. Kh1 Ne6 21. exf5
gxf5 22. Nce2 Rf6 23. h3 Rh6 24. Kg1 Ne5 25. Qb4 Nc5 26. Qd2 Re8 27. Bb2 Qe7
28. Rbe1 Qg5 29. h4 Qd8 30. Nd4 Rf8 31. Ba1 Qb6 32. Rb1 Qc7 33. Bh3 d5 34. cxd5
Bxd5 35. Nxd5 cxd5 36. Nxf5 Rg6 37. Bg2 Ncxd3 38. Nxg7 Qc5+ 39. Kh1 Rxf1+ 40.
Rxf1 Rxg7 41. Bxe5 Nxe5 42. Rf5 d4 43. Qf4 Ng6 44. Qb8+ 1-0

[Event "Lloyds Bank Masters 17th"]
[Site "London"]
[Date "1993.08.27"]
[Round "7"]
[White "Cohen, Aron"]
[Black "Buckley, Graeme"]
[Result "1/2-1/2"]
[WhiteElo "2190"]
[BlackElo "2305"]
[PlyCount "86"]
[EventDate "1993.08.21"]
[EventType "swiss"]
[EventRounds "10"]
[EventCountry "ENG"]

1. e4 c5 2. c3 d6 3. d4 Nf6 4. Bd3 g6 5. dxc5 dxc5 6. e5 Ng4 7. Bb5+ Nc6 8.
Qxd8+ Kxd8 9. Bxc6 bxc6 10. f4 h5 11. Nf3 f6 12. Na3 Be6 13. h3 Nh6 14. Be3 Nf5
15. Bxc5 Bh6 16. exf6 exf6 17. Nd4 Re8 18. O-O Kc7 19. Nac2 Bc4 20. Nxf5 Bxf1
21. Nxh6 Bd3 22. Ne3 Re4 23. Rd1 Rd8 24. Nf7 Rd7 25. Nd6 Rxe3 26. Bxe3 Rxd6 27.
Bxa7 Kd7 28. Kf2 Bc4 29. Rxd6+ Kxd6 30. b3 Bd3 31. g3 Bb1 32. a3 Bc2 33. b4 Kd5
34. Ke3 f5 35. g4 fxg4 36. hxg4 hxg4 37. Kf2 Kc4 38. Kg3 Bf5 39. a4 Kxc3 40.
Bc5 Kc4 41. Kh4 Kd5 42. a5 Bd3 43. Kxg4 Ke6 1/2-1/2

[Event "Lloyds Bank Masters 17th"]
[Site "London"]
[Date "1993.08.27"]
[Round "7"]
[White "Houska, Miroslav"]
[Black "Anderton, Matthew"]
[Result "1/2-1/2"]
[WhiteElo "2300"]
[BlackElo "2155"]
[PlyCount "84"]
[EventDate "1993.08.21"]
[EventType "swiss"]
[EventRounds "10"]
[EventCountry "ENG"]

1. d4 d5 2. Nf3 Nf6 3. Bg5 Bf5 4. Bxf6 gxf6 5. e3 Qd6 6. c3 Nd7 7. Bd3 Bg6 8.
Qe2 O-O-O 9. Nbd2 e5 10. Nh4 Bxd3 11. Qxd3 Qe6 12. O-O-O Kb8 13. Kb1 Be7 14. f3
Rhg8 15. g3 Rg5 16. e4 dxe4 17. fxe4 Nc5 18. Qe3 exd4 19. cxd4 Na4 20. Qb3 Qa6
21. Nf5 Bf8 22. Nf3 Rg4 23. Rhe1 Qa5 24. Ka1 a6 25. h3 Rg8 26. Qxf7 Ba3 27. Rb1
Bb4 28. Re2 c5 29. Qb3 cxd4 30. N3xd4 Nc5 31. Qe3 Rge8 32. Nb3 Qb5 33. Nxc5
Bxc5 34. Qf4+ Ka8 35. Rc2 Bd4 36. Nd6 Be5 37. Nxb5 Bxf4 38. gxf4 axb5 39. Re1
Rxe4 40. Rg1 Rxf4 41. Rc7 Rh4 42. a3 Rd6 1/2-1/2

[Event "Lloyds Bank Masters 17th"]
[Site "London"]
[Date "1993.08.27"]
[Round "7"]
[White "Mortazavi, Ali"]
[Black "Stirling, William J"]
[Result "1-0"]
[WhiteElo "2345"]
[BlackElo "2245"]
[PlyCount "83"]
[EventDate "1993.08.21"]
[EventType "swiss"]
[EventRounds "10"]
[EventCountry "ENG"]

1. d4 c6 2. Nf3 d5 3. c4 Nf6 4. e3 Bf5 5. Nc3 e6 6. Bd3 Bxd3 7. Qxd3 Nbd7 8.
O-O Be7 9. e4 dxe4 10. Nxe4 Nxe4 11. Qxe4 O-O 12. Bf4 Nf6 13. Qe2 Qa5 14. a3
Qf5 15. Be5 Rad8 16. Rad1 Rfe8 17. h3 Nd7 18. Bc7 Rc8 19. Bh2 h6 20. Rfe1 Nf6
21. Ne5 Bd6 22. Rd3 Rcd8 23. Rf3 Qh7 24. Rb3 Re7 25. Bg3 Rc7 26. Rf3 Nh5 27.
Bh2 Nf6 28. Rb3 Bxe5 29. Bxe5 Rcd7 30. Bxf6 gxf6 31. Qh5 Kf8 32. Qc5+ Ke8 33.
Qxa7 Qc2 34. Rxb7 Qxb2 35. Rxd7 Rxd7 36. Qa8+ Ke7 37. Qxc6 Qxd4 38. Rb1 Qc3 39.
Qc5+ Ke8 40. Rb8+ Rd8 41. Qc6+ Ke7 42. Qc7+ 1-0

[Event "Lloyds Bank Masters 17th"]
[Site "London"]
[Date "1993.08.27"]
[Round "7"]
[White "Delanoy, Arnaud"]
[Black "Bisby, Daniel L"]
[Result "0-1"]
[WhiteElo "2150"]
[BlackElo "2150"]
[PlyCount "80"]
[EventDate "1993.08.21"]
[EventType "swiss"]
[EventRounds "10"]
[EventCountry "ENG"]

1. e4 c5 2. Nf3 e6 3. d4 cxd4 4. Nxd4 Nf6 5. Nc3 d6 6. Be2 Nc6 7. Be3 Be7 8.
O-O a6 9. f4 O-O 10. Kh1 Qc7 11. Qe1 Nxd4 12. Bxd4 e5 13. fxe5 dxe5 14. Qg3 Bd6
15. Be3 Ne8 16. Rf2 Be6 17. Bg4 Qd7 18. Nd5 Bxg4 19. Nb6 Qe6 20. Nxa8 Nf6 21.
Rxf6 Qxf6 22. Qxg4 Rxa8 23. Rd1 Bf8 24. Qd7 b5 25. Kg1 h6 26. Rf1 Qg6 27. Rf5
Bd6 28. Qc6 Rd8 29. Bb6 Rf8 30. Be3 Qe6 31. Qd5 Rc8 32. Qd3 Be7 33. a3 Bf6 34.
Rf2 Rc4 35. b3 Rc6 36. Qd5 Qc8 37. Qd1 Be7 38. Qd5 Qe6 39. Qxe6 Rxe6 40. Bc1
Bc5 0-1

[Event "Lloyds Bank Masters 17th"]
[Site "London"]
[Date "1993.08.27"]
[Round "7"]
[White "Hassabis, Demis"]
[Black "Hennigan, Michael"]
[Result "0-1"]
[WhiteElo "2260"]
[BlackElo "2415"]
[PlyCount "80"]
[EventDate "1993.08.21"]
[EventType "swiss"]
[EventRounds "10"]
[EventCountry "ENG"]

1. d4 Nf6 2. Nf3 g6 3. g3 Bg7 4. Bg2 O-O 5. O-O d6 6. Re1 c5 7. d5 e6 8. c4
exd5 9. cxd5 b5 10. a4 b4 11. e4 Re8 12. Qc2 a5 13. Nbd2 Nbd7 14. Nc4 Nb6 15.
Nxd6 Qxd6 16. e5 Qxd5 17. Nh4 Rxe5 18. Bf4 b3 19. Bxd5 Rxe1+ 20. Rxe1 bxc2 21.
Bxa8 Nxa8 22. Rc1 Nd5 23. Rxc2 Nxf4 24. Rxc5 Ne2+ 25. Kf1 Ba6 26. Rxa5 Nc7 27.
b4 Nc1+ 28. b5 Nb3 29. Rxa6 Nxa6 30. bxa6 Bd4 31. Nf3 Ba7 32. Ne5 Nd4 33. Ke1
f6 34. Nc4 Kf7 35. Kd2 Ke6 36. Kc3 Kd5 37. Kb4 Nc6+ 38. Kb5 Nd4+ 39. Kb4 Bc5+
40. Kc3 Nc6 0-1

[Event "Lloyds Bank Masters 17th"]
[Site "London"]
[Date "1993.08.27"]
[Round "7"]
[White "Obukhov, Alexander"]
[Black "Kwiatkowski, Feliks J"]
[Result "1-0"]
[WhiteElo "2490"]
[BlackElo "2250"]
[PlyCount "80"]
[EventDate "1993.08.21"]
[EventType "swiss"]
[EventRounds "10"]
[EventCountry "ENG"]

1. c4 c5 2. g3 Nf6 3. Bg2 g6 4. Nc3 Bg7 5. Nf3 O-O 6. O-O d5 7. cxd5 Nxd5 8. d4
Nc6 9. Nxd5 Qxd5 10. Be3 cxd4 11. Nxd4 Qc4 12. Nxc6 bxc6 13. a4 Bxb2 14. Rb1
Qc3 15. Bh6 Bf5 16. e4 Be6 17. Bxf8 Rxf8 18. Qe2 Rb8 19. Qf3 Qxf3 20. Bxf3 c5
21. Rfc1 Ba2 22. Rxb2 Rxb2 23. Rxc5 Rb4 24. a5 Rc4 25. Re5 e6 26. Kg2 a6 27. g4
h6 28. Be2 Rc6 29. g5 h5 30. f4 Kf8 31. Kf2 Ke7 32. Ke3 Bc4 33. Bf3 Bb5 34. Kd2
Kd6 35. h4 Rc7 36. Bd1 Rc5 37. Rxc5 Kxc5 38. Ke3 Kb4 39. Kd4 Kxa5 40. Ke5 Bd3
1-0

[Event "Lloyds Bank Masters 17th"]
[Site "London"]
[Date "1993.08.27"]
[Round "7"]
[White "Asanov, Bolat"]
[Black "Rogers, Ian"]
[Result "1/2-1/2"]
[WhiteElo "2385"]
[BlackElo "2595"]
[PlyCount "78"]
[EventDate "1993.08.21"]
[EventType "swiss"]
[EventRounds "10"]
[EventCountry "ENG"]

1. Nf3 g6 2. g3 Bg7 3. Bg2 c5 4. O-O Nc6 5. c3 d6 6. d4 cxd4 7. cxd4 Qb6 8. d5
Nb8 9. Nc3 Nf6 10. e4 Bg4 11. Be3 Qa6 12. h3 Bxf3 13. Bxf3 O-O 14. Bd4 Nfd7 15.
Be2 Qa5 16. Bxg7 Kxg7 17. Qd4+ Kg8 18. h4 h5 19. Kg2 Qb6 20. Qd2 Nf6 21. f4
Nbd7 22. Rae1 Rac8 23. Bf3 Rc4 24. e5 dxe5 25. fxe5 Ng4 26. Bxg4 Rxg4 27. Rf4
Rxf4 28. gxf4 Rc8 29. Qf2 Rc4 30. Qxb6 Nxb6 31. Kf3 Kf8 32. Rd1 Ke8 33. Rd3 Kd7
34. b3 Rc8 35. Ke4 a6 36. a3 Ke8 37. Kf3 Nd7 38. Ne4 Rc1 39. b4 Rf1+ 1/2-1/2